<?xml version="1.0" encoding="UTF-8"?>
<collection xmlns="http://www.loc.gov/MARC21/slim">
<record>
  <controlfield tag="001">170033</controlfield>
  <controlfield tag="005">20260318135945.0</controlfield>
  <datafield tag="024" ind1="8" ind2=" ">
    <subfield code="2">sideral</subfield>
    <subfield code="a">148545</subfield>
  </datafield>
  <datafield tag="037" ind1=" " ind2=" ">
    <subfield code="a">ART-2014-148545</subfield>
  </datafield>
  <datafield tag="041" ind1=" " ind2=" ">
    <subfield code="a">spa</subfield>
  </datafield>
  <datafield tag="100" ind1=" " ind2=" ">
    <subfield code="a">Aguirre Rodríguez, F.J.</subfield>
  </datafield>
  <datafield tag="245" ind1=" " ind2=" ">
    <subfield code="a">Guía clínica de la mucopolisacaridosis tipo I (MPS I)</subfield>
  </datafield>
  <datafield tag="260" ind1=" " ind2=" ">
    <subfield code="c">2014</subfield>
  </datafield>
  <datafield tag="520" ind1="3" ind2=" ">
    <subfield code="a">Introducción: la mucopolisacaridosis tipo I (MPS I) es una enfermedad autosómica recesiva de depósito lisosomal que se produce por el déficit de la enzima -L-iduronidasa. Antes de la utilización de tratamiento enzimático sustitutivo (TES) y/o el trasplante de células madre hematopoyéticas (TCMH) era una enfermedad incurable. 
Objetivo: el objetivo de esta guía es definir los criterios de diagnóstico, tratamiento y seguimiento de los pacientes con MPS I teniendo en cuenta las características individuales con la finalidad de mejorar su salud y su calidad de vida a largo plazo.
Diagnóstico: el diagnóstico de la MPS I se basa en la sospecha clínica inicial y en su confirmación bioquímica. Al diagnóstico definitivo de MPS I se llega demostrando que la actividad de -L-iduronidasa es deficitaria en leucocitos o fibroblastos.
Tratamiento: las opciones actuales para el tratamiento etiológico de la MPS I incluyen el tratamiento enzimático sustitutivo (TES) y el trasplante de células madre hematopoyéticas (TCMH). En principio, todos los pacientes con MPS I podrían ser tributarios de tratamiento con TES. No obstante, en todos los casos se adoptará una estrategia terapéutica individualizada y la decisión de emplear TCMH será determinada de una manera consensuada por un equipo multidisciplinar. También es necesario hacer un tratamiento sintomático adecuado de las manifestaciones clínicas.



ntroduction: Mucopolysaccharidosis type I (MPS I) is an autosomal recessive lysosomal storage disorder caused by a deficit of the enzyme -L-iduronidase. Before enzyme replacement therapy (ERT) and/or hematopoietic stem cell transplantation (HSCT) were available it was an incurable disease.
Objective: The objective of this guide is to define criteria for diagnosis, treatment and follow-up for  MPS I patients , taking into account the individual characteristics in order to improve health and quality of life.
Diagnosis: The diagnosis of MPS I is based on both, clinical suspicion and  biochemical confirmation. The final diagnosis of MPS I is confirmed by showing deficient   -L-iduronidase activity in fibroblasts or leukocytes. (The diagnosis must be confirmed making a study of each one of the alleles of the gene that codes for the -L-iduronidase.)
Treatment: Current options for etiologic treatment of MPS I include enzyme replacement therapy (ERT) and hematopoietic stem cell transplantation (HSCT). In general, all patients with MPS I might receive treatment with ERT. However, in all cases, an individualized therapeutic approach must be  followed, and the decision to use HSCT will be determined based on  a strategy agreed by a multidisciplinary team. It is also necessary to administer  symptomatic treatment appropriate to the clinical manifestations.</subfield>
  </datafield>
  <datafield tag="540" ind1=" " ind2=" ">
    <subfield code="9">info:eu-repo/semantics/closedAccess</subfield>
    <subfield code="a">All rights reserved</subfield>
    <subfield code="u">http://www.europeana.eu/rights/rr-f/</subfield>
  </datafield>
  <datafield tag="655" ind1=" " ind2="4">
    <subfield code="a">info:eu-repo/semantics/article</subfield>
    <subfield code="v">info:eu-repo/semantics/acceptedVersion</subfield>
  </datafield>
  <datafield tag="700" ind1=" " ind2=" ">
    <subfield code="a">Aldámiz-Echevarría Azuara, L.</subfield>
  </datafield>
  <datafield tag="700" ind1=" " ind2=" ">
    <subfield code="a">Dalmau Serra, J.</subfield>
  </datafield>
  <datafield tag="700" ind1=" " ind2=" ">
    <subfield code="a">González Gutiérrez-Solana, L.</subfield>
  </datafield>
  <datafield tag="700" ind1=" " ind2=" ">
    <subfield code="a">González-Meneses López, A.</subfield>
  </datafield>
  <datafield tag="700" ind1=" " ind2=" ">
    <subfield code="a">Pérez López, J.</subfield>
  </datafield>
  <datafield tag="700" ind1=" " ind2=" ">
    <subfield code="a">Ruiz Gómez, M.A.</subfield>
  </datafield>
  <datafield tag="700" ind1=" " ind2=" ">
    <subfield code="a">Torralba Cabeza, M.A.</subfield>
    <subfield code="u">Universidad de Zaragoza</subfield>
    <subfield code="0">(orcid)0000-0001-9760-1248</subfield>
  </datafield>
  <datafield tag="700" ind1=" " ind2=" ">
    <subfield code="a">Vitoria Miñana, I.</subfield>
  </datafield>
  <datafield tag="700" ind1=" " ind2=" ">
    <subfield code="a">Sanjurjo Crespo, P.</subfield>
  </datafield>
  <datafield tag="710" ind1="2" ind2=" ">
    <subfield code="1">1007</subfield>
    <subfield code="2">610</subfield>
    <subfield code="a">Universidad de Zaragoza</subfield>
    <subfield code="b">Dpto. Medicina, Psiqu. y Derm.</subfield>
    <subfield code="c">Area Medicina</subfield>
  </datafield>
  <datafield tag="773" ind1=" " ind2=" ">
    <subfield code="g">72 supl. (2014), s1-s20</subfield>
    <subfield code="p">Acta Pediátr. Esp.</subfield>
    <subfield code="t">Acta Pediátrica Española</subfield>
    <subfield code="x">0001-6640</subfield>
  </datafield>
  <datafield tag="856" ind1="4" ind2=" ">
    <subfield code="s">640411</subfield>
    <subfield code="u">http://zaguan.unizar.es/record/170033/files/texto_completo.pdf</subfield>
    <subfield code="y">Postprint</subfield>
  </datafield>
  <datafield tag="856" ind1="4" ind2=" ">
    <subfield code="s">924452</subfield>
    <subfield code="u">http://zaguan.unizar.es/record/170033/files/texto_completo.jpg?subformat=icon</subfield>
    <subfield code="x">icon</subfield>
    <subfield code="y">Postprint</subfield>
  </datafield>
  <datafield tag="909" ind1="C" ind2="O">
    <subfield code="o">oai:zaguan.unizar.es:170033</subfield>
    <subfield code="p">articulos</subfield>
    <subfield code="p">driver</subfield>
  </datafield>
  <datafield tag="951" ind1=" " ind2=" ">
    <subfield code="a">2026-03-18-13:58:00</subfield>
  </datafield>
  <datafield tag="980" ind1=" " ind2=" ">
    <subfield code="a">ARTICLE</subfield>
  </datafield>
</record>
</collection>